Statistics for Countries with Two Color Flags

Click here to take the quiz!

General Stats

  • This quiz has been taken 3,130 times
  • The average score is 21 of 37

Answer Stats

ColorsCountry% Correct
Red & WhitePoland
88%
Red & WhiteIndonesia
82%
Red & YellowChina
79%
Red & WhiteMonaco
78%
Red & WhiteJapan
77%
Blue & WhiteFinland
76%
Blue & WhiteGreece
76%
Yellow & BlueSweden
76%
Yellow & BlueUkraine
76%
Red & WhiteDenmark
69%
Red & WhiteCanada
68%
Red & YellowVietnam
67%
Red & WhiteAustria
64%
Red & WhiteTurkey
63%
Red & GreenBangladesh
58%
Green & WhiteSaudi Arabia
56%
Red & WhiteSwitzerland
56%
Red & GreenMorocco
55%
Green & WhitePakistan
55%
Red & WhiteTunisia
54%
Red & WhiteLatvia
52%
Red & WhiteSingapore
52%
Green & WhiteNigeria
51%
Yellow & BluePalau
51%
Red & BlackAlbania
49%
Blue & WhiteIsrael
49%
Yellow & BlueKazakhstan
47%
Red & WhiteQatar
47%
Blue & WhiteSomalia
45%
Red & WhiteBahrain
44%
Blue & WhiteHonduras
40%
Red & WhiteGeorgia
39%
Red & YellowKyrgyzstan
38%
Red & YellowMacedonia
35%
Blue & WhiteFS Micronesia
34%
Red & WhiteTonga
34%
Yellow & GreenMauritania
20%

Score Distribution

Percentile by Number Answered

Percent of People with Each Score

Your Score History

You have not taken this quiz